Geometry of loop spaces and the cobar construction
Αποθηκεύτηκε σε:
| Κύριος συγγραφέας: | |
|---|---|
| Μορφή: | Βιβλίο |
| Γλώσσα: | English |
| Δημοσίευση: |
Providence, R.I. :
American Mathematical Society,
1980
|
| Σειρά: | Memoirs of the American Mathematical Society ;
; 230 |
| Θέματα: | |
| Ετικέτες: |
Προσθήκη ετικέτας
Δεν υπάρχουν, Καταχωρήστε ετικέτα πρώτοι!
|
MARC
| LEADER | 00000cam a2200000 i 4500 | ||
|---|---|---|---|
| 001 | 1/49001 | ||
| 008 | 941103s1980 eng d | ||
| 020 | |a 0821822306 | ||
| 035 | |l 10043494 | ||
| 040 | |a GR-MY-UA |b gre |e aacr | ||
| 041 | 0 | |a eng | |
| 082 | 0 | |a 514.224 |2 (19) | |
| 100 | 1 | |a Baues, Hans J. |d 1943- | |
| 245 | 1 | 0 | |a Geometry of loop spaces and the cobar construction / |c by H.J. Baues |
| 260 | |a Providence, R.I. : |b American Mathematical Society, |c 1980 | ||
| 300 | |a ix, 171 p.; |b ill.; |c 26 cm | ||
| 490 | 1 | |a Memoirs of the American Mathematical Society |v ; 230 | |
| 500 | |a "Volume 25 ... first of 3 numbers." | ||
| 500 | |a Includes index | ||
| 504 | |a Bibliography: p. 168 | ||
| 650 | 0 | 0 | |a Loop spaces. |
| 650 | 0 | 0 | |a Cobar construction (Topology) |
| 650 | 0 | 0 | |a Functor theory. |
| 650 | 0 | 0 | |a Complexes, Semisimplicial. |
| 830 | 0 | |a Memoirs of the American Mathematical Society ; |v ; 230 | |
| 852 | |a INST |b SAMOS |e 19941103 |h 514.224 BAU |p 005300002478 |q 005300002478 |t BK |y 0 | ||
| 909 | |a Σ |b 034504 | ||